| 000 | 00397nam a2200145Ia 4500 | ||
|---|---|---|---|
| 008 | 230917s9999||||xx |||||||||||||| ||und|| | ||
| 040 |
_e83136 _aMAIN |
||
| 041 | _aEnglish | ||
| 082 | _a512.5 H18L | ||
| 100 | _aHamilton, A G | ||
| 245 | 0 | _aLinear algebra: an introduction with concurrent examples | |
| 260 |
_aCambridge _bCambridge University Press _c1989 |
||
| 300 | _avii, 328 p. | ||
| 942 | _cBK | ||
| 999 |
_c85273 _d85273 |
||